Sports Quiz

Random Sports or Famous Quiz

20 Famous Golfers Quiz Stats

 Plays Quiz Updated Apr 12, 2015

Also try: Masters 2+ Winners
Challenge
Share
Tweet
Score 0/20 Timer 06:00
4 Plays Today
Number Golfer % Correct
Tiger Woods
99.7%
Phil Mickelson
90.5%
Bubba Watson
84.9%
Rory McIlroy
84.1%
Vijay Singh
84.1%
Ernie Els
78.7%
Sergio Garcia
76.4%
Jack Nicklaus
74.2%
Arnold Palmer
74%
Rickie Fowler
73.7%
Number Golfer % Correct
Dustin Johnson
65.7%
Justin Rose
61.8%
Michelle Wie
61.1%
Adam Scott
61%
Lee Westwood
58.5%
Padraig Harrington
55.9%
Matt Kuchar
50.4%
Martin Kaymer
44.8%
Hunter Mahan
43.3%
Stewart Cink
37.7%

You're not logged in!

Compare scores with friends on all Sporcle quizzes.
OR
Log In

You Might Also Like...

Show Comments

Extras

Top Quizzes Today


Score Distribution

Your Account Isn't Verified!

In order to create a playlist on Sporcle, you need to verify the email address you used during registration. Go to your Sporcle Settings to finish the process.

Report this User

Report this user for behavior that violates our Community Guidelines.

Details: